00929nam a2200265 i 45000010005000000030009000050050017000140080039000310150017000700400035000870800015001221000032001372450091001692500017002602600056002773000044003333800017003775040026003946500023004207100042004438560097004859420012005829990015005949520054006098410KOSZ 00520211123145910.0070620s1969 pl a g 000 0 pol aPB 1969/5805 aWA NcKOSZ 005/RWdKOSZ 005/RW a651:930.251 aSzczepaniak, Roman.eAutor.10aArchiwum zakładowe /cRoman Szczepaniak ; Naczelna Dyrekcja Archiwów Państwowych. aWyd. 2 popr. aWarszawa :bPaństwowe Wydawnictwo Naukowe,c1969. a57, [2] s., 4 s. tabl. :bil. ;c23 cm. aKsiążki. aBibliogr. s. 57-[58]. 4aArchiwa zakładowe2 aPaństwowe Wydawnictwo Naukowe4pbl. uhttp://koha.tu.koszalin.pl/cgi-bin/koha/opac-detail.pl?biblionumber=8410yKatalog online BPK 2UKDcKS c8410d8410 001040708BG00aBPKbBPKcwo5085p02193038yKS